000 00247 a2200097 4500
005 20260420111107.0
020 _a9781915261458
100 _aKingsley Ai
245 _aMy School Governance Handbook
260 _bJohn Catt Educational Ltd : Melton
_c2022
999 _c216627
_d216627